भारतीय परमाणु शस्त्र : (Record no. 118908)
[ view plain ]
| 000 -LEADER | |
|---|---|
| fixed length control field | 01409nam a22002777a 4500 |
| 005 - DATE AND TIME OF LATEST TRANSACTION | |
| control field | 20170124103123.0 |
| 010 ## - LIBRARY OF CONGRESS CONTROL NUMBER | |
| LC control number | A-982125 |
| 020 ## - INTERNATIONAL STANDARD BOOK NUMBER | |
| Terms of availability | 400.00 |
| International Standard Book Number | 8173152896 |
| 035 ## - SYSTEM CONTROL NUMBER | |
| System control number | A-982125 |
| 037 ## - SOURCE OF ACQUISITION | |
| Source of stock number/acquisition | Cen Lib/Ret |
| 040 ## - CATALOGING SOURCE | |
| Original cataloging agency | DPL |
| Language of cataloging | HN |
| 082 ## - DEWEY DECIMAL CLASSIFICATION NUMBER | |
| Classification number | 355.43 |
| Item number | भारती |
| 100 ## - MAIN ENTRY--PERSONAL NAME | |
| Personal name | कपूर, मस्तराम |
| 9 (RLIN) | 82460 |
| 245 ## - TITLE STATEMENT | |
| Title | भारतीय परमाणु शस्त्र : |
| Statement of responsibility, etc | संपादक जसजीत सिंह ; अनुवादक अरुण कुमार त्रिपाठी |
| Remainder of title | एक नई दिशा / |
| 246 ## - VARYING FORM OF TITLE | |
| Title proper/short title | Bahrtiye parmanu shastr : ek nayi disha / |
| Remainder of title | sampadak Jasjeet Singh ; anuvadak Arun Kumar Tripathi |
| 260 ## - PUBLICATION, DISTRIBUTION, ETC. (IMPRINT) | |
| Name of publisher, distributor, etc | प्रभात प्रकाशन |
| Place of publication, distribution, etc | नई दिल्ली |
| Date of publication, distribution, etc | 1999 |
| 270 ## - ADDRESS | |
| City | नई दिल्ली |
| Address | 4/19, आसफ अली रोड |
| Postal code | 110002 |
| 300 ## - PHYSICAL DESCRIPTION | |
| Extent | 379पृ. |
| Dimensions | 20सेमी(सजिल्द) |
| 650 ## - SUBJECT ADDED ENTRY--TOPICAL TERM | |
| Topical term or geographic name as entry element | नाभिकीय नीति -- भारत |
| 9 (RLIN) | 82461 |
| 650 ## - SUBJECT ADDED ENTRY--TOPICAL TERM | |
| Topical term or geographic name as entry element | नाभिकीय अस्त्र और सिद्धान्त -- चीन |
| 9 (RLIN) | 82462 |
| 650 ## - SUBJECT ADDED ENTRY--TOPICAL TERM | |
| Topical term or geographic name as entry element | Nuclear policy - India |
| 9 (RLIN) | 82463 |
| 650 ## - SUBJECT ADDED ENTRY--TOPICAL TERM | |
| Topical term or geographic name as entry element | Nuclear weapons and doctrine - China |
| 9 (RLIN) | 82464 |
| 700 ## - ADDED ENTRY--PERSONAL NAME | |
| Personal name | जसजीत सिंह |
| 9 (RLIN) | 82465 |
| 700 ## - ADDED ENTRY--PERSONAL NAME | |
| Personal name | त्रिपाठी, अरुण कुमार |
| 9 (RLIN) | 52576 |
| 942 ## - ADDED ENTRY ELEMENTS (KOHA) | |
| Source of classification or shelving scheme | Dewey Decimal Classification |
| Koha item type | Hindi Books |
| Classification part | 355.43 |
| Call number suffix | भारती |
| Withdrawn status | Lost status | Damaged status | Not for loan | Home library | Current library | Date acquired | Source of acquisition | Cost, normal purchase price | Total Checkouts | Full call number | Barcode | Date last seen | Copy number | Cost, replacement price | Price effective from | Koha item type |
|---|---|---|---|---|---|---|---|---|---|---|---|---|---|---|---|---|
| Central Library | Central Library | 14/09/2015 | Cen Lib/Ret | 400.00 | 355.43 भारती | A-982125 | 14/09/2015 | 1 | 400.00 | 14/09/2015 | Hindi Books |
